[Event "Schackstudion GM"]
[Site "Lund SWE"]
[Date "2011.04.14"]
[Round "1"]
[White "Smith,Ax"]
[Black "Fries Nielsen,JO"]
[Result "1-0"]
[WhiteElo "2452"]
[BlackElo "2411"]
[EventDate "2011.04.14"]

1. e4 g6 2. d4 Bg7 3. c4 e6 4. Nc3 Ne7 5. Nf3 d5 6. cxd5 exd5 7. exd5 Nxd5
8. Bg5 Qd6 9. Bc4 Nxc3 10. bxc3 O-O 11. O-O c5 12. Re1 Nc6 13. Rb1 Bg4 14.
Rxb7 cxd4 15. Be7 Nxe7 16. Rexe7 Kh8 17. cxd4 Rac8 18. Bxf7 Bxf3 19. gxf3
Qf4 20. Bc4 Rxc4 21. Rxg7 Rf5 22. Rxh7+ Kg8 23. Rbg7+ Kf8 24. Rxa7 Kg8 25.
Rhg7+ Kf8 26. Rgb7 Kg8 27. Ra8+ Rf8 28. Rxf8+ Kxf8 29. Rb1 Kg7 30. Qe2 Rxd4
31. Rb7+ Kh6 32. Qe3 Kg5 33. Rb5+ 1-0

[Event "Schackstudion GM"]
[Site "Lund SWE"]
[Date "2011.04.14"]
[Round "1"]
[White "Semcesen,D"]
[Black "Wendt,J"]
[Result "1-0"]
[WhiteElo "2449"]
[BlackElo "2371"]
[EventDate "2011.04.14"]

1. d4 Nf6 2. c4 g6 3. Nc3 Bg7 4. e4 d6 5. h3 O-O 6. Nf3 e5 7. d5 a5 8. Bg5
Na6 9. Nd2 Qe8 10. Be2 Nd7 11. a3 f6 12. Bh4 Nb6 13. b3 Bh6 14. O-O Bd7 15.
Rb1 Nc5 16. Qc2 f5 17. f3 Be3+ 18. Bf2 Bxf2+ 19. Rxf2 Qe7 20. b4 axb4 21.
axb4 Nca4 22. Nd1 fxe4 23. fxe4 Rf4 24. Rb3 Raf8 25. Rff3 h5 26. Nf2 Be8
27. Nd3 Nd7 28. Ra3 Rxf3 29. Bxf3 Nf6 30. Rxa4 Bxa4 31. Qxa4 Nh7 32. Qd1
Ra8 33. c5 Ng5 34. Be2 Qf6 35. h4 Nf7 36. Nf3 Ra2 37. Qe1 Kh8 38. Nf2 g5
39. hxg5 Nxg5 40. Nh4 Kg8 41. Bxh5 Qf4 42. Nf3 Nxf3+ 43. Bxf3 Qd2 44. Qxd2
Rxd2 45. cxd6 cxd6 46. Kf1 Kf7 47. Be2 Rd4 48. b5 Rb4 49. Bd3 Rb2 50. g3
Ke7 51. Ng4 Kd7 52. Ne3 Kc7 53. Nf5 Kd7 54. g4 1-0

[Event "Schackstudion GM"]
[Site "Lund SWE"]
[Date "2011.04.14"]
[Round "1"]
[White "Brandenburg,D"]
[Black "Grandelius,N"]
[Result "1/2-1/2"]
[WhiteElo "2527"]
[BlackElo "2547"]
[EventDate "2011.04.14"]

1. e4 e5 2. Nf3 Nc6 3. d4 exd4 4. Nxd4 Nf6 5. Nxc6 bxc6 6. e5 Qe7 7. Qe2
Nd5 8. c4 Ba6 9. Nd2 g6 10. Nf3 Qb4+ 11. Kd1 Qa4+ 12. Qc2 Qxc2+ 13. Kxc2
Nb4+ 14. Kd1 c5 15. a3 Nc6 16. Bd2 Bg7 17. Kc2 O-O 18. Bc3 Rae8 19. Rd1
Nxe5 20. Nxe5 Bxe5 21. Bxe5 Rxe5 22. Rxd7 Re1 23. Rd1 Rxd1 24. Kxd1 Bb7 25.
f3 a5 26. Bd3 Re8 27. h4 h6 28. Kd2 Kg7 29. Rf1 Bc6 30. g4 Rb8 31. Kc3 Re8
32. Kd2 Rb8 33. Kc3 Re8 34. Kd2 1/2-1/2

[Event "Schackstudion GM"]
[Site "Lund SWE"]
[Date "2011.04.14"]
[Round "1"]
[White "Brynell,S"]
[Black "Bejtovic,J"]
[Result "1-0"]
[WhiteElo "2486"]
[BlackElo "2415"]
[EventDate "2011.04.14"]

1. d4 Nf6 2. c4 g6 3. Nc3 Bg7 4. e4 d6 5. Be2 O-O 6. Nf3 c5 7. d5 e6 8. O-O
exd5 9. cxd5 a6 10. a4 Re8 11. Nd2 Nbd7 12. h3 Qc7 13. Qc2 b6 14. f4 Bb7
15. Nc4 Rab8 16. Bd2 Ba8 17. Na3 Bb7 18. Rad1 Nf8 19. Be1 N6d7 20. Bh4 Ra8
21. Kh1 h6 22. Nc4 Nh7 23. Bg3 Rad8 24. Bf3 Qb8 25. Qb3 Ba8 26. Rfe1 Bd4
27. Re2 Re7 28. Rde1 Rde8 29. e5 dxe5 30. d6 Bxf3 31. gxf3 Re6 32. fxe5 Ng5
33. Nd5 Qb7 34. Na5 Qa8 35. Nc7 Qxf3+ 36. Qxf3 Nxf3 37. Rf1 bxa5 38. Nxe6
fxe6 39. Rxf3 Rb8 40. b3 c4 41. bxc4 Rb4 42. Rc2 Rxa4 43. Bf2 Bxf2 44.
Rcxf2 Rxc4 45. Rf7 Nxe5 46. Rf8+ Kg7 47. d7 Nxd7 48. R2f7+ 1-0

[Event "Schackstudion GM"]
[Site "Lund SWE"]
[Date "2011.04.14"]
[Round "1"]
[White "Schmidt Schaeffer,S"]
[Black "Tikkanen,H"]
[Result "0-1"]
[WhiteElo "2410"]
[BlackElo "2541"]
[EventDate "2011.04.14"]

1. f4 Nf6 2. Nf3 c5 3. Nc3 d5 4. e3 g6 5. Bb5+ Bd7 6. Bxd7+ Nbxd7 7. O-O
Bg7 8. d3 Qb6 9. a4 Rd8 10. Qe1 O-O 11. a5 Qa6 12. Ra4 Qc6 13. b3 b5 14.
axb6 axb6 15. e4 dxe4 16. Nxe4 Nd5 17. f5 b5 18. Ra5 gxf5 19. Ng3 Bc3 20.
Bd2 Bxd2 21. Qxd2 f4 22. Ne4 b4 23. Qf2 Ra8 24. Rxa8 Rxa8 25. Qh4 Qg6 26.
Qh3 e6 27. Kh1 f5 28. Nd6 Ne3 29. Rg1 Ng4 30. Qh4 Qh6 31. Qe1 Ra1 32. Qe2
Rxg1+ 33. Kxg1 Qf6 34. h3 Qa1+ 35. Ne1 Qd4+ 36. Kh1 Qe3 37. Qxe3 Nxe3 38.
Kg1 Kf8 39. Kf2 Ke7 40. Nc8+ Kf6 41. Kf3 e5 42. Nd6 Nf8 43. g3 Nd5 44. g4
fxg4+ 45. hxg4 Nc3 46. Kf2 Ne6 47. Nf3 Nd4 48. Nxd4 cxd4 49. Kf3 Ke6 50.
Ne8 Nd5 51. Ng7+ Kf7 52. Nf5 Ne3 53. Nd6+ Ke6 54. Nb7 Kd5 55. Nd8 Nxc2 56.
Nf7 Na1 57. Ng5 Nxb3 58. Nxh7 Nc5 59. g5 0-1

[Event "Schackstudion GM"]
[Site "Lund SWE"]
[Date "2011.04.15"]
[Round "2"]
[White "Semcesen,D"]
[Black "Schmidt Schaeffer,S"]
[Result "1/2-1/2"]
[WhiteElo "2449"]
[BlackElo "2410"]
[EventDate "2011.04.14"]

1. Nf3 f5 2. g3 Nf6 3. Bg2 e6 4. c4 Be7 5. Nc3 O-O 6. O-O d5 7. cxd5 exd5
8. e3 Kh8 9. b3 Nc6 10. Ne2 a5 11. a3 Ne4 12. Bb2 Bf6 13. Qc2 Bxb2 14. Qxb2
Nc5 15. Qc3 Ne6 16. b4 Qd6 17. b5 Ne7 18. Rfc1 Bd7 19. Ned4 Rfc8 20. Rab1
b6 21. Nxe6 Bxe6 22. Qe5 Bd7 23. Rc3 Kg8 24. a4 Rab8 25. Rbc1 Ng6 26. Qxd6
cxd6 27. Rc7 Kf8 28. R1c3 Ke8 29. Ng5 h6 30. Nh3 d4 31. exd4 Rxc7 32. Rxc7
Rc8 33. Rxc8+ Bxc8 34. Bd5 Ke7 35. Bb3 Kf6 36. f3 Bb7 37. Kf2 Ne7 38. Nf4
g5 39. Ne6 Nd5 40. Nd8 Ba8 41. Nc6 Bxc6 42. bxc6 Nc7 43. d5 Ke5 44. Ke3 Ne8
45. Bc4 Nc7 46. Kd3 f4 47. g4 Ne8 48. Bb3 Nc7 49. Kc4 Kf6 50. Kd4 Ke7 51.
Bc4 Kf6 52. Ke4 Ne8 53. Ba6 Nc7 54. Bc8 Ne8 55. Bf5 Nc7 56. Kd4 Ke7 57. Ke4
Kf6 58. Kd4 Ke7 59. Ke4 1/2-1/2

[Event "Schackstudion GM"]
[Site "Lund SWE"]
[Date "2011.04.15"]
[Round "2"]
[White "Fries Nielsen,JO"]
[Black "Brandenburg,D"]
[Result "0-1"]
[WhiteElo "2411"]
[BlackElo "2527"]
[EventDate "2011.04.14"]

1. d4 Nf6 2. Bf4 g6 3. Nc3 d5 4. Qd2 c6 5. f3 Bg7 6. Bh6 Bxh6 7. Qxh6 c5 8.
dxc5 Qa5 9. O-O-O Qxc5 10. e4 dxe4 11. fxe4 Be6 12. Nf3 Nbd7 13. h3 O-O-O
14. Qf4 Nh5 15. Qh2 f6 16. Nd4 Bf7 17. Be2 Ne5 18. Nf3 Bc4 19. Bxc4 Nxc4
20. Rd5 Qe3+ 21. Kb1 Nf4 22. Re1 Nxd5 23. Nxd5 Rxd5 24. exd5 Nd2+ 25. Kc1
Nxf3+ 26. Rxe3 Nxh2 27. Rxe7 Nf1 28. c4 f5 29. c5 Ng3 30. b4 Ne4 31. d6 Kb8
32. Kb2 b6 33. d7 Rd8 34. cxb6 axb6 35. Rxh7 Kc7 36. g4 Rxd7 37. Rxd7+ Kxd7
38. gxf5 gxf5 39. a4 Ke6 40. a5 bxa5 41. bxa5 Kd5 42. Kc2 Kc5 43. h4 Nf6
44. Kd3 Nh5 45. Ke3 Kb5 46. Kd4 Kxa5 47. Ke5 f4 48. Ke4 Kb5 49. Kf3 Kc5 50.
Kg4 Kd5 0-1

[Event "Schackstudion GM"]
[Site "Lund SWE"]
[Date "2011.04.15"]
[Round "2"]
[White "Wendt,J"]
[Black "Grandelius,N"]
[Result "1/2-1/2"]
[WhiteElo "2371"]
[BlackElo "2547"]
[EventDate "2011.04.14"]

1. c4 Nf6 2. Nc3 g6 3. e4 d6 4. d4 Bg7 5. Nf3 O-O 6. h3 e5 7. dxe5 dxe5 8.
Be3 Qe7 9. Nd5 Nxd5 10. cxd5 Nd7 11. Rc1 Qb4+ 12. Nd2 Qxb2 13. Bc4 c6 14.
O-O cxd5 15. Bxd5 Nf6 16. Rb1 Qa3 17. Bxb7 Bxb7 18. Rxb7 Qxa2 19. Qa1 Qc2
20. Rc1 Qd3 21. Rcc7 Nxe4 22. Nxe4 Qxe4 23. Qa2 Qf5 24. Bc5 e4 25. Bxf8
Rxf8 26. Qxa7 Be5 27. Rd7 Rc8 28. Qe3 Bf4 29. Qe2 Rc1+ 30. Rd1 Qc5 31. Rb2
e3 32. fxe3 Qxe3+ 33. Kf1 Qxe2+ 34. Kxe2 Rxd1 35. Kxd1 h5 36. Ke2 Kg7 37.
Kf3 Be5 38. Rb7 Bd6 39. Ke4 Bg3 40. Kd5 Kf6 41. Rb3 Bc7 42. Re3 Bb8 43. Kc6
Kg5 44. Kd7 Bf4 45. Rf3 f6 46. Ke6 h4 47. Rf1 Be5 48. Kf7 Bf4 49. Ke6 Be5
50. Rf3 Bd4 51. Rd3 Be5 52. Kd5 Kf5 53. Rf3+ Bf4 54. Kd4 g5 55. Kd3 g4 56.
hxg4+ Kxg4 57. Ke2 f5 58. Rb3 Bg5 59. Kf2 Bf4 60. Rb4 Kg5 61. Kf3 Bg3 62.
Ra4 Kg6 63. Ra8 Kg5 64. Rf8 Bd6 65. Rf7 Kg6 66. Rd7 Bg3 67. Rd8 Kf6 68. Ke3
Ke7 69. Ra8 Kf6 70. Kd4 Kg5 71. Kd5 Bh2 72. Rf8 Kf4 73. Ke6 Kg3 74. Rg8+
Kf2 75. Kxf5 1/2-1/2

[Event "Schackstudion GM"]
[Site "Lund SWE"]
[Date "2011.04.16"]
[Round "3"]
[White "Schmidt Schaeffer,S"]
[Black "Wendt,J"]
[Result "1-0"]
[WhiteElo "2410"]
[BlackElo "2371"]
[EventDate "2011.04.14"]

1. f4 d5 2. Nf3 Bg4 3. e3 Nd7 4. h3 Bxf3 5. Qxf3 e6 6. Be2 Bd6 7. O-O Ngf6
8. Nc3 c6 9. d3 Qc7 10. e4 dxe4 11. Nxe4 O-O 12. Kh1 a5 13. a4 Rfe8 14. Be3
Nd5 15. Nxd6 Qxd6 16. Bg1 Rad8 17. c3 N5f6 18. d4 Qd5 19. c4 Qe4 20. Rae1
Qxf3 21. Bxf3 Nb8 22. Re5 b6 23. Rfe1 Nfd7 24. R5e2 Kf8 25. g4 g6 26. Be3
c5 27. f5 cxd4 28. Bh6+ Kg8 29. fxe6 fxe6 30. Rxe6 Rxe6 31. Rxe6 Kf7 32.
Rd6 Ke8 33. Bg5 Rc8 34. Re6+ Kf8 35. Bd5 Rc5 36. Be7+ Kg7 37. Bxc5 bxc5 38.
g5 Kf8 39. Kg2 d3 40. Kf2 d2 41. Ke2 1-0

[Event "Schackstudion GM"]
[Site "Lund SWE"]
[Date "2011.04.16"]
[Round "3"]
[White "Brynell,S"]
[Black "Semcesen,D"]
[Result "1-0"]
[WhiteElo "2486"]
[BlackElo "2449"]
[EventDate "2011.04.14"]

1. d4 Nf6 2. Nf3 d5 3. c4 e6 4. Bg5 Bb4+ 5. Nc3 h6 6. Bxf6 Qxf6 7. cxd5
exd5 8. Qb3 c5 9. a3 Bxc3+ 10. Qxc3 b6 11. e3 O-O 12. dxc5 Qxc3+ 13. bxc3
bxc5 14. O-O-O Be6 15. c4 dxc4 16. Ne5 Na6 17. Bxc4 Bxc4 18. Nxc4 Rfd8 19.
Rxd8+ Rxd8 20. Rd1 Rxd1+ 21. Kxd1 Kf8 22. Nd6 Nc7 23. Kc2 Ke7 24. Nc8+ Ke6
25. Nxa7 Kd5 26. Nc8 c4 27. Ne7+ Ke6 28. Nc6 Kd5 29. Nd4 g6 30. Kc3 f5 31.
f3 Kc5 32. e4 fxe4 33. fxe4 Ne8 34. Ne6+ Kd6 35. Nf8 g5 36. Kxc4 Ke7 37.
Nh7 Nd6+ 38. Kd3 Ke6 39. Nf8+ Ke7 40. Ng6+ Ke6 41. h4 Nb7 42. Kd4 Na5 43.
hxg5 hxg5 44. Nf8+ Ke7 45. Nh7 g4 46. e5 Ke6 47. Ke4 Nc4 48. Ng5+ Ke7 49.
a4 1-0

[Event "Schackstudion GM"]
[Site "Lund SWE"]
[Date "2011.04.16"]
[Round "3"]
[White "Smith,Ax"]
[Black "Tikkanen,H"]
[Result "1/2-1/2"]
[WhiteElo "2452"]
[BlackElo "2541"]
[EventDate "2011.04.14"]

1. c4 e5 2. Nc3 c5 3. e3 Nc6 4. Nge2 Nf6 5. d4 exd4 6. exd4 d5 7. Bg5 dxc4
8. dxc5 Qa5 9. Bxf6 gxf6 10. Nf4 Bxc5 11. Bxc4 Bxf2+ 12. Kxf2 Qc5+ 13. Kf1
Qxc4+ 14. Qe2+ Be6 15. Qxc4 Bxc4+ 16. Kf2 O-O-O 17. Rhd1 f5 18. h3 Kb8 19.
Rac1 Nb4 20. a3 Nc6 21. Rxd8+ Rxd8 22. Rd1 Rxd1 23. Nxd1 Kc7 24. Ne3 Be6
25. Ned5+ Bxd5 26. Nxd5+ Kd6 27. Nf6 Ke7 28. Nxh7 f6 29. g4 fxg4 30. hxg4
Kf7 31. g5 f5 32. Nf6 Kg6 33. Ne8 Kxg5 34. Nd6 b6 35. b4 Kf4 36. b5 Ne7 37.
a4 Ke5 38. Nb7 Kd5 39. Kf3 Kc4 40. Nd8 Kb3 41. Nc6 Nd5 42. Nxa7 Kxa4 43.
Nc8 Kxb5 44. Nd6+ Kc5 45. Nxf5 b5 46. Ke2 b4 47. Kd3 b3 48. Nd4 b2 49. Kc2
Kxd4 50. Kxb2 1/2-1/2

[Event "Schackstudion GM"]
[Site "Lund SWE"]
[Date "2011.04.16"]
[Round "3"]
[White "Brandenburg,D"]
[Black "Bejtovic,J"]
[Result "1-0"]
[WhiteElo "2527"]
[BlackElo "2415"]
[EventDate "2011.04.14"]

1. e4 c5 2. Nf3 Nc6 3. c3 e6 4. d4 d5 5. exd5 exd5 6. Bb5 Bd6 7. O-O Nge7
8. dxc5 Bxc5 9. Nbd2 O-O 10. Nb3 Bb6 11. Re1 Nf5 12. Bd3 g6 13. Bxf5 Bxf5
14. Be3 Bc7 15. Bh6 Re8 16. Rxe8+ Qxe8 17. Qxd5 Be4 18. Qd1 Ne5 19. Nbd4
Rd8 20. Qe2 Nxf3+ 21. Nxf3 Qc6 22. Re1 Bd5 23. Qe7 Bxf3 24. gxf3 Rc8 25.
Qe4 Qd7 26. Kg2 b5 27. Re2 a5 28. Rd2 Qe8 29. Rd5 Qc6 30. Qd4 f6 31. Rc5
Qe6 32. Rxc7 1-0

[Event "Schackstudion GM"]
[Site "Lund SWE"]
[Date "2011.04.16"]
[Round "3"]
[White "Grandelius,N"]
[Black "Fries Nielsen,JO"]
[Result "1-0"]
[WhiteElo "2547"]
[BlackElo "2411"]
[EventDate "2011.04.14"]

1. e4 Nf6 2. e5 Ng8 3. d4 d6 4. Nf3 dxe5 5. Nxe5 Nd7 6. Bd3 Ngf6 7. Nd2 c5
8. Ndf3 cxd4 9. Qe2 Nxe5 10. Nxe5 a6 11. Bg5 h6 12. Bh4 Qa5+ 13. c3 e6 14.
O-O Be7 15. cxd4 Qd5 16. Rfd1 g5 17. Bg3 b5 18. Ng4 Bb7 19. Ne3 Qd7 20.
Rac1 Nd5 21. Ng4 f6 22. Bg6+ Kf8 23. Bh5 Bd6 24. Re1 Ke7 25. Qd3 Nf4 26.
Bxf4 Bxf4 27. Rc5 Rac8 28. Qg6 Rhf8 29. Rxc8 Qxc8 30. Nxf6 Kd6 31. Ne8+
Rxe8 32. Qxe8 Qxe8 33. Bxe8 Bd5 34. a3 Bb3 35. g3 Bd2 36. Re2 Bc1 37. Bf7
a5 38. Kg2 b4 39. axb4 axb4 40. Kh3 g4+ 41. Kh4 Bc4 42. Rc2 Bg5+ 43. Kxg4
Bd3 44. Rc8 b3 45. Rb8 Bc4 46. Rb4 Bd5 47. f4 Bd8 48. Ra4 1-0

[Event "Schackstudion GM"]
[Site "Lund SWE"]
[Date "2011.04.17"]
[Round "4"]
[White "Semcesen,D"]
[Black "Smith,Ax"]
[Result "1-0"]
[WhiteElo "2449"]
[BlackElo "2452"]
[EventDate "2011.04.14"]

1. d4 Nf6 2. c4 g6 3. Nc3 Bg7 4. e4 d6 5. h3 Nbd7 6. Nf3 e5 7. d5 Nc5 8.
Qc2 a5 9. Bg5 h5 10. Be2 Bh6 11. Bxh6 Rxh6 12. Rb1 h4 13. Qd2 Rh8 14. Qe3
Qe7 15. Nd2 Nh5 16. Bxh5 Rxh5 17. O-O Kf8 18. b3 Kg7 19. a3 f5 20. b4 Nxe4
21. Ncxe4 fxe4 22. c5 axb4 23. axb4 Rh8 24. Rfc1 Rd8 25. Nxe4 Bf5 26. cxd6
cxd6 27. Rc4 Rac8 28. Rbc1 Rxc4 29. Rxc4 Rd7 30. Ng5 e4 31. Nxe4 b5 32. Rd4
Rc7 33. Qf4 Bxe4 34. Rxe4 Qf6 35. Qe3 Rc3 36. Re7+ Kf8 37. Re6 Rxe3 38.
Rxf6+ Ke7 39. Rxg6 Re1+ 40. Kh2 Re4 41. Re6+ Rxe6 42. dxe6 Kxe6 43. g4
hxg3+ 44. Kxg3 Ke5 45. h4 d5 46. Kf3 Kf5 47. Ke3 Kg4 48. Kd4 Kxh4 49. Kxd5
Kg4 50. Kc5 Kf3 51. Kxb5 Kxf2 52. Kc6 1-0

[Event "Schackstudion GM"]
[Site "Lund SWE"]
[Date "2011.04.17"]
[Round "4"]
[White "Schmidt Schaeffer,S"]
[Black "Brynell,S"]
[Result "0-1"]
[WhiteElo "2410"]
[BlackElo "2486"]
[EventDate "2011.04.14"]

1. f4 Nf6 2. Nf3 g6 3. d4 Bg7 4. c4 O-O 5. Nc3 d5 6. cxd5 Nxd5 7. e4 Nxc3
8. bxc3 c5 9. Rb1 Bg4 10. Be3 Nc6 11. e5 Bxf3 12. gxf3 cxd4 13. cxd4 Qa5+
14. Kf2 Qxa2+ 15. Be2 e6 16. Rxb7 Rab8 17. Qb1 Qa3 18. Rd1 Rxb7 19. Qxb7
Nb4 20. f5 gxf5 21. Bc1 Qc3 22. Qxa7 Nd5 23. Rg1 Kh8 24. Rd1 Kg8 25. Rg1 f4
26. Qc5 Qxc5 27. dxc5 Rc8 28. Bc4 Rxc5 29. Bxd5 Rc2+ 0-1

[Event "Schackstudion GM"]
[Site "Lund SWE"]
[Date "2011.04.17"]
[Round "4"]
[White "Bejtovic,J"]
[Black "Grandelius,N"]
[Result "0-1"]
[WhiteElo "2415"]
[BlackElo "2547"]
[EventDate "2011.04.14"]

1. e4 c5 2. Nf3 d6 3. d4 cxd4 4. Nxd4 Nf6 5. Nc3 a6 6. Bc4 Nbd7 7. O-O g6
8. Re1 Bg7 9. Bf1 O-O 10. Bg5 Re8 11. Qd2 b6 12. Nd5 Bb7 13. c4 e6 14. Nc3
Qc7 15. Rac1 Rac8 16. f3 Ne5 17. Be3 Qb8 18. Na4 Ba8 19. b4 Nxc4 20. Bxc4
b5 21. Bf1 bxa4 22. Bxa6 Rxc1 23. Rxc1 d5 24. Bb5 Rd8 25. e5 Qxe5 26. Nc6
Bxc6 27. Bxc6 Qd6 28. Bxa4 d4 29. Bf4 e5 30. Rc6 Qe7 31. Bg5 d3 32. Bb3 e4
33. fxe4 Qe5 34. Bxf6 Bxf6 35. Bd5 Qd4+ 36. Kh1 Bg5 37. Qd1 d2 38. Bb3 Qxe4
39. h4 Qxh4+ 40. Kg1 Be3+ 0-1

[Event "Schackstudion GM"]
[Site "Lund SWE"]
[Date "2011.04.17"]
[Round "4"]
[White "Wendt,J"]
[Black "Fries Nielsen,JO"]
[Result "1-0"]
[WhiteElo "2371"]
[BlackElo "2411"]
[EventDate "2011.04.14"]

1. Nf3 e6 2. g3 g6 3. Bg2 Bg7 4. O-O Ne7 5. c4 d5 6. d4 O-O 7. Nc3 Nbc6 8.
cxd5 exd5 9. b3 Bg4 10. e3 Qd7 11. Ba3 Rfe8 12. Qd2 Qf5 13. Ne1 Bh3 14. Nd3
Bh6 15. Bxh3 Qxh3 16. Qd1 Rad8 17. Qf3 Bg7 18. Rac1 Qd7 19. Rfd1 Nf5 20.
Nc5 Qe7 21. Nxd5 Qg5 22. Nxc7 Nxe3 23. Nxe8 Nxd1 24. Nxg7 Nxd4 25. Qxd1 Qd5
26. Rc3 b6 27. Na4 Kxg7 28. Bb2 Kg8 29. Re3 1-0

[Event "Schackstudion GM"]
[Site "Lund SWE"]
[Date "2011.04.18"]
[Round "5"]
[White "Brynell,S"]
[Black "Wendt,J"]
[Result "1/2-1/2"]
[WhiteElo "2486"]
[BlackElo "2371"]
[EventDate "2011.04.14"]

1. e4 c5 2. Nf3 e6 3. c3 Nf6 4. e5 Nd5 5. d4 cxd4 6. cxd4 d6 7. Bc4 Nc6 8.
O-O Be7 9. exd6 Qxd6 10. Nc3 O-O 11. Re1 Rd8 12. Bb3 a6 13. Nxd5 exd5 14.
Ne5 Be6 15. Bf4 Nxe5 16. Bxe5 Qd7 17. Qf3 Rac8 18. Qg3 f6 19. Bf4 Bf8 20.
h4 Re8 21. Qf3 Red8 22. Rac1 Bf7 23. Qg3 Re8 24. Rxe8 Rxc1+ 25. Bxc1 Qxe8
26. Bf4 Qe1+ 27. Kh2 Qe4 28. Qe3 Qxe3 29. Bxe3 Bd6+ 1/2-1/2

[Event "Schackstudion GM"]
[Site "Lund SWE"]
[Date "2011.04.18"]
[Round "5"]
[White "Fries Nielsen,JO"]
[Black "Bejtovic,J"]
[Result "1-0"]
[WhiteElo "2411"]
[BlackElo "2415"]
[EventDate "2011.04.14"]

1. d4 Nf6 2. Nc3 g6 3. Bg5 Bg7 4. e4 h6 5. Be3 d6 6. f3 c6 7. Qd2 Nbd7 8.
a4 Qa5 9. Nge2 a6 10. Nc1 h5 11. Nb3 Qc7 12. a5 O-O 13. Be2 e5 14. dxe5
Nxe5 15. O-O d5 16. Bb6 Qb8 17. f4 Nc4 18. Bxc4 dxc4 19. Nc5 Re8 20. e5 Ng4
21. N3e4 Be6 22. Ra3 Bd5 23. Rg3 Nxe5 24. fxe5 Qxe5 25. Nf6+ Bxf6 26. Nd7
Bg5 27. Rxg5 Qe2 28. Nf6+ Kh8 29. Rxh5+ 1-0

[Event "Schackstudion GM"]
[Site "Lund SWE"]
[Date "2011.04.19"]
[Round "6"]
[White "Semcesen,D"]
[Black "Grandelius,N"]
[Result "1-0"]
[WhiteElo "2449"]
[BlackElo "2547"]
[EventDate "2011.04.14"]

1. d4 d5 2. c4 e6 3. Nc3 Bb4 4. a3 Bxc3+ 5. bxc3 c5 6. cxd5 exd5 7. e3 Nc6
8. Ne2 Nge7 9. Ng3 Be6 10. Bd3 Rc8 11. O-O O-O 12. Rb1 b6 13. Qd2 Qd7 14.
f3 Rfe8 15. Re1 Nf5 16. Ne2 cxd4 17. cxd4 Nd6 18. Ng3 Red8 19. Qf2 Na5 20.
e4 Rc3 21. Qd2 Rdc8 22. e5 Nf5 23. Ne2 Rb3 24. Rxb3 Nxb3 25. Qb4 Nfxd4 26.
Nxd4 Nxc1 27. Bb5 Qc7 28. Ba6 Na2 29. Qb1 Qc5 30. Bxc8 Qxd4+ 31. Kh1 Nc3
32. Qb2 Qc5 33. Bxe6 fxe6 34. Qd2 Qxa3 35. h4 b5 36. Qd4 a5 37. Qa7 Qb4 38.
g3 Qf8 39. Kg2 Qd8 40. f4 g6 41. h5 gxh5 42. f5 d4 43. f6 Qf8 44. Qd7 Nd5
45. Qxe6+ Qf7 46. Qc8+ Qf8 47. Qd7 Ne3+ 48. Kg1 Ng4 49. Rc1 Nxe5 50. Qe6+
Nf7 51. Rc8 1-0

[Event "Schackstudion GM"]
[Site "Lund SWE"]
[Date "2011.04.19"]
[Round "6"]
[White "Schmidt Schaeffer,S"]
[Black "Brandenburg,D"]
[Result "0-1"]
[WhiteElo "2410"]
[BlackElo "2527"]
[EventDate "2011.04.14"]

1. f4 Nf6 2. Nf3 g6 3. d4 Bg7 4. c4 O-O 5. Nc3 d6 6. e4 c5 7. d5 e6 8. Be2
exd5 9. cxd5 Bg4 10. O-O Nbd7 11. h3 Bxf3 12. Bxf3 Re8 13. a4 a6 14. Qd3
Rc8 15. Be3 c4 16. Qc2 Nc5 17. Bxc5 Rxc5 18. Rae1 Nd7 19. Kh1 b5 20. axb5
axb5 21. e5 dxe5 22. f5 e4 23. Rxe4 Rxe4 24. Qxe4 b4 25. Na4 Ra5 26. fxg6
hxg6 27. b3 Ne5 28. Nb2 cxb3 29. Nc4 f5 30. Qe2 Nxc4 31. Qxc4 b2 32. d6+
Kh7 33. Qxb4 Ra1 34. Be2 Rc1 0-1

[Event "Schackstudion GM"]
[Site "Lund SWE"]
[Date "2011.04.19"]
[Round "6"]
[White "Tikkanen,H"]
[Black "Fries Nielsen,JO"]
[Result "1-0"]
[WhiteElo "2541"]
[BlackElo "2411"]
[EventDate "2011.04.14"]

1. d4 Nf6 2. c4 d6 3. Nf3 Bf5 4. Nc3 h6 5. Qb3 Qc8 6. g3 g5 7. Bg2 c6 8. d5
c5 9. O-O Bg7 10. Ne1 Nbd7 11. e4 Bh7 12. f3 Rg8 13. Nd3 Bh8 14. Be3 a6 15.
a4 Qc7 16. a5 Nh5 17. Nf2 Ne5 18. Na4 Nf6 19. Nb6 Rd8 20. Qa4+ Kf8 21. b4
Nfd7 22. Rab1 f5 23. Nxd7+ Nxd7 24. Nd3 Ne5 25. Nxe5 Bxe5 26. bxc5 dxc5 27.
f4 gxf4 28. Bxf4 Bxf4 29. Rxf4 Rg5 30. exf5 Kg8 31. Rbf1 Qe5 32. Be4 Qd4+
33. Kh1 h5 34. Qb3 Rg7 35. Qb6 Rf8 36. d6 Qxd6 37. Bd5+ Kh8 38. f6 1-0

[Event "Schackstudion GM"]
[Site "Lund SWE"]
[Date "2011.04.19"]
[Round "6"]
[White "Wendt,J"]
[Black "Bejtovic,J"]
[Result "1/2-1/2"]
[WhiteElo "2371"]
[BlackElo "2415"]
[EventDate "2011.04.14"]

1. Nf3 Nf6 2. c4 g6 3. Nc3 Bg7 4. e4 d6 5. d4 O-O 6. h3 e5 7. d5 Na6 8. Bg5
Qe8 9. g4 Nd7 10. Rg1 Kh8 11. Be3 Ndc5 12. a3 f5 13. gxf5 gxf5 14. exf5
Bxf5 15. b4 Ne4 16. Nxe4 Bxe4 17. Be2 Bf6 18. Ng5 Rg8 19. Rg3 Bg6 20. Qd2
Qe7 21. Bg4 c5 22. h4 e4 23. Rd1 h5 24. Be6 Rg7 25. Ke2 Be5 26. Rdg1 Rf8
27. Bh3 Bf5 28. Bxf5 Rxf5 29. R3g2 Nc7 30. bxc5 dxc5 31. Qc2 Bd4 32. Qxe4
Re5 33. Qf3 Kg8 34. a4 Qe8 35. d6 Qxa4 36. Qxh5 Qxc4+ 37. Kf3 Qd5+ 38. Ke2
Qc4+ 39. Kf3 Rf5+ 40. Kg3 Be5+ 41. Kh3 Bxd6 42. Rd1 Be7 43. Qg4 Qxg4+ 44.
Kxg4 Rd5 45. Rgg1 b5 46. f4 b4 47. h5 b3 48. h6 Rg6 49. Kh5 Rgd6 50. Rxd5
Rxd5 51. Kg6 Rd6+ 52. Kh5 Rd5 53. Kg6 Rd6+ 54. Kh5 1/2-1/2

[Event "Schackstudion GM"]
[Site "Lund SWE"]
[Date "2011.04.20"]
[Round "7"]
[White "Grandelius,N"]
[Black "Schmidt Schaeffer,S"]
[Result "1-0"]
[WhiteElo "2547"]
[BlackElo "2410"]
[EventDate "2011.04.14"]

1. d4 f5 2. c4 Nf6 3. Nc3 e6 4. e3 Be7 5. Bd3 O-O 6. Nge2 d6 7. Qc2 Bd7 8.
h3 c5 9. d5 Na6 10. a3 exd5 11. cxd5 Qc8 12. b3 Nc7 13. Nf4 g5 14. Nfe2
Nfxd5 15. Nxd5 Nxd5 16. Bb2 Bf6 17. Bc4 Be6 18. Bxf6 Rxf6 19. h4 g4 20. Rd1
Nb6 21. Rxd6 Nxc4 22. bxc4 Qf8 23. Rd1 Qf7 24. Rc1 Bd7 25. Nf4 Bc6 26. O-O
Rh6 27. Rfd1 Be4 28. Qc3 Qe7 29. h5 Rd6 30. Rxd6 Qxd6 31. Kh2 Rd8 32. Kg3
Kf7 33. Rh1 h6 34. Re1 b6 35. Qa1 Re8 36. Rd1 Qc7 37. Rd2 Bc6 38. Qd1 Ke7
39. Qh1 Kf7 40. Qa1 Rg8 41. Qb1 Be4 42. Qb2 Re8 43. Rd1 Rg8 44. Kh2 Rd8 45.
Rxd8 Qxd8 46. Qe5 Qh4+ 47. Kg1 Qe7 48. Qb8 Kf6 49. Ng6 Qd7 50. Qe5+ Kg5 51.
Nf4 g3 52. fxg3 Bd3 53. Kh2 Bxc4 54. Nh3+ Kxh5 55. Qf6 Kg4 56. Qg6+ 1-0

[Event "Schackstudion GM"]
[Site "Lund SWE"]
[Date "2011.04.20"]
[Round "7"]
[White "Fries Nielsen,JO"]
[Black "Semcesen,D"]
[Result "0-1"]
[WhiteElo "2411"]
[BlackElo "2449"]
[EventDate "2011.04.14"]

1. d4 d5 2. Bf4 Nf6 3. Nc3 e6 4. Nb5 Na6 5. e3 c6 6. Nc3 Bb4 7. Bxa6 bxa6
8. Nge2 O-O 9. a3 Be7 10. O-O c5 11. Ng3 Bb7 12. Na4 Nd7 13. Nxc5 Bxc5 14.
dxc5 e5 15. Nh5 f5 16. b4 g6 17. c4 gxh5 18. Bh6 dxc4 19. Bxf8 Qg5 20. e4
Nxf8 21. Qc2 Qg6 22. Qxc4+ Kh8 23. Rad1 Bxe4 24. f3 Bc6 25. Qxa6 Qe8 26.
Rfe1 e4 27. fxe4 Bxe4 28. Qf6+ Kg8 29. Rd6 a5 30. Re3 axb4 31. axb4 Qf7 32.
Rg3+ Ng6 33. Qd4 h4 34. Rd8+ Rxd8 35. Qxd8+ Kg7 36. Qd4+ Kh6 37. Ra3 Qe8
38. Ra7 Bc6 39. Qd2+ f4 40. Ra3 Qe4 41. h3 Ne5 42. Rb3 Bd5 43. Ra3 Nc4 44.
Ra6+ Kg5 45. Qf2 Ne3 46. Qb2 Nf5 47. Ra3 Qe1+ 48. Kh2 f3 49. gxf3 Qg3+ 50.
Kh1 Bxf3+ 51. Rxf3 Qxf3+ 52. Qg2+ Qxg2+ 53. Kxg2 Nd4 54. Kf2 Kf4 55. b5
Nxb5 56. c6 Ke4 0-1

[Event "Schackstudion GM"]
[Site "Lund SWE"]
[Date "2011.04.20"]
[Round "7"]
[White "Bejtovic,J"]
[Black "Tikkanen,H"]
[Result "1/2-1/2"]
[WhiteElo "2415"]
[BlackElo "2541"]
[EventDate "2011.04.14"]

1. e4 e5 2. Nf3 Nc6 3. d4 exd4 4. Nxd4 Nf6 5. Nxc6 bxc6 6. e5 Qe7 7. Qe2
Nd5 8. c4 Ba6 9. g3 g6 10. b3 Bg7 11. Bb2 O-O 12. Bg2 Rae8 13. O-O Bxe5 14.
Qxe5 Qxe5 15. Bxe5 Rxe5 16. cxd5 Bxf1 17. Kxf1 cxd5 18. Nc3 c6 19. Rd1 Rfe8
20. Bf3 a5 21. Na4 Kg7 22. Nc5 R5e7 23. Rc1 f5 24. Nd3 Kf6 25. h3 g5 26.
Rc5 Ra8 27. Rc1 Rae8 28. Rc5 Ra8 29. Rc1 h6 30. Rc2 Kg6 31. Rc1 Kf6 32. Rc2
Kg6 33. Rc1 Kf7 34. Bh5+ Kf6 35. Bf3 Kg6 36. Rc5 Kf6 1/2-1/2